00669nam a2200229 450000100060000000300080000600500170001400800410003102000150007203500140008704000320010104100080013308200220014110000310016324500860019426000350028030000210031535000090033650000260034550400400037165000280041134255BD-RjUL20211209052128.0140514s1968 enkabe b 001 0 eng d a0269670270 a(BD-RjUL) aDLCcDLCdDLCdBD-RjULbeng aeng00a711.409bMOM 19682 aMoholy-Nagy, Sibyl,d1905-10aMatrix of man:ban illustrated history of urban environment /cSibyl Moholy-Nagy. aLondon :bPall Mall P.,c1968. a317 p. ;c27 cm. a90/- aMap on lining papers. aBibliography: p. 304-308. and Index 0aCity planningxHistory.